|
|
|
|
| LEADER |
00000nam0a2200000 4500 |
| 001 |
289640 |
| 005 |
20231102000216.0 |
| 035 |
|
|
|a (RuTPU)RU\TPU\book\314151
|
| 090 |
|
|
|a 289640
|
| 100 |
|
|
|a 20150402d1983 km y0gery50 ca
|
| 101 |
0 |
|
|a ger
|
| 102 |
|
|
|a DE
|
| 105 |
|
|
|a a j 001zy
|
| 200 |
1 |
|
|a Fachkunde der Plastverarbeitung. Technologische Verfahren II
|f H. Thomaswchke [и др.]
|
| 210 |
|
|
|a Leipzig
|c Veb Deutscher Verlag
|d 1983
|
| 215 |
|
|
|a 177 s.
|c il.
|
| 320 |
|
|
|a Sachverzeichnis: p. 174-176
|
| 606 |
1 |
|
|a Пластмассы
|2 stltpush
|3 (RuTPU)RU\TPU\subj\49097
|9 67908
|
| 610 |
1 |
|
|a переработка
|
| 610 |
1 |
|
|a технологические процессы
|
| 610 |
1 |
|
|a производство
|
| 610 |
1 |
|
|a изготовление
|
| 610 |
1 |
|
|a пенопласты
|
| 610 |
1 |
|
|a каландрование
|
| 610 |
1 |
|
|a полиэфирные смолы
|
| 610 |
1 |
|
|a литье
|
| 610 |
1 |
|
|a спекание
|
| 610 |
1 |
|
|a гибка
|
| 610 |
1 |
|
|a вытягивание
|
| 610 |
1 |
|
|a выдувание
|
| 610 |
1 |
|
|a формирование
|
| 610 |
1 |
|
|a пенообразование
|
| 610 |
1 |
|
|a немецкий язык
|
| 675 |
|
|
|a 678.5(075.8)
|v 3
|
| 701 |
|
1 |
|a Thomaswchke
|b H.
|g Hainz
|
| 701 |
|
1 |
|a Hagora
|b H.
|g Helmar
|
| 701 |
|
1 |
|a Noack
|b J.
|
| 701 |
|
1 |
|a Wurms
|b J.
|
| 801 |
|
1 |
|a RU
|b 63413507
|c 20150402
|
| 801 |
|
2 |
|a RU
|b 63413507
|c 20190109
|g RCR
|
| 942 |
|
|
|c BK
|